| 000 | 00390nam a2200145Ia 4500 | ||
|---|---|---|---|
| 008 | 230312s9999||||xx |||||||||||||| ||und|| | ||
| 020 | _a978-0857833921 | ||
| 082 |
_a641.563 _bSIL-R |
||
| 100 | _aSillitoe;Hanna | ||
| 245 | 0 | _aRadiant : Recipes to Heal Your Skin from Within | |
| 260 |
_bKyle Cathie _aChina _c2017 |
||
| 300 | _a192 | ||
| 650 |
_aFood Science _vFood Industry |
||
| 942 | _cBK | ||
| 999 |
_c14305 _d14305 |
||